000 00766nam a2200265 a 4500
001 000027061
003 DO-SdBPM
005 20250226085952.0
008 110329s1997 mx a 000 j spa d
020 _a9706111980
040 _aDO-SdBPM
_bspa
_cBPMSU
_erda
082 4 _a420.03
_bV872b 1998
_222
100 1 _a
245 1 0 _a Vocabulario bilingüe /
_cWalt Disney Company
260 _aMéxico :
_bHachette Latinoamérica,
_c1998
300 _a8 volúmenes :
_bilustraciones ;
_c26 cm.
504 _a
505 _a
590 _aInventariado, 2025/VM
650 4 _aInglés
_xVocabulario
_xEnseñanza
650 4 _a Libros ilustrados para niños
710 2 _aWalt Disney Company
910 _aValidado. Control de calidad BPMSU
942 _cBK
_2ddc
999 _c14960
_d14960